| 000 | 00477nam a2200169Ia 4500 | ||
|---|---|---|---|
| 003 | OSt | ||
| 005 | 20250422113036.0 | ||
| 008 | 190216s9999||||xx |||||||||||||| ||und|| | ||
| 040 | _coclc | ||
| 082 |
_a894.8123 _bRAD/E |
||
| 100 |
_aRadhakrishnan, C _96488 |
||
| 245 | 0 |
_aEllaam Maikkunna Kadal / _cC Radhakrishnan |
|
| 260 |
_bHi Tech Books, _aKochi: _c1996. |
||
| 300 | _a512p | ||
| 650 | _aNovel | ||
| 942 |
_cBK _2ddc _h894.8123 _iRAD/E _k894.8123 _mRAD/E |
||
| 999 |
_c26133 _d26133 |
||